Yüklüyor......

Selected writings ed by Harold Hobson /

Detaylı Bibliyografya
Yazar: Macaulay, Thomas Babington
Dil:Undetermined
Baskı/Yayın Bilgisi: 1948.
LEADER 00396nam a2200121Ia 4500
001 41870
008 170722s9999 xx 000 0 und d
100 |a Macaulay, Thomas Babington 
245 |a Selected writings ed by Harold Hobson / 
260 |c 1948. 
942 |c GEN 
999 |c 43513  |d 43513 
952 |0 0  |1 0  |4 0  |6 O_6M00LX_H8  |7 0  |8 LC1  |9 59507  |a LIB  |b LIB  |d 2017-08-12  |h LC1  |o O-,6M00lx H8  |p 44897  |r 2017-08-12  |w 2017-08-12  |y GEN